| 000 | 01575nam a2200361Ia 4500 | ||
|---|---|---|---|
| 001 | ebr10080007 | ||
| 003 | CaPaEBR | ||
| 006 | m u | ||
| 007 | cr cn||||||||| | ||
| 008 | 050316s2005 cau sb 001 0 eng d | ||
| 010 | _z 2005047324 | ||
| 020 | _z1594031312 | ||
| 020 | _z1893554961 (alk. paper) | ||
| 040 |
_aCaPaEBR _cCaPaEBR |
||
| 035 | _a(OCoLC)567954414 | ||
| 050 | 1 | 4 |
_aPN1998.2 _b.R33 2005eb |
| 082 | 0 | 4 |
_a384/.8/0979494 _222 |
| 100 | 1 | _aRadosh, Ronald. | |
| 245 | 1 | 0 |
_aRed star over Hollywood _h[electronic resource] : _bthe film colony's long romance with the left / _cRonald Radosh and Allis Radosh. |
| 260 |
_aSan Francisco, Calif. : _bEncounter Books, _c2005. |
||
| 300 | _ax, 309 p. | ||
| 504 | _aIncludes bibliographical references and index. | ||
| 533 |
_aElectronic reproduction. _bPalo Alto, Calif. : _cebrary, _d2009. _nAvailable via World Wide Web. _nAccess may be limited to ebrary affiliated libraries. |
||
| 610 | 1 | 0 |
_aUnited States. _bCongress. _bHouse. _bCommittee on Un-American Activities. |
| 650 | 0 |
_aScreenwriters _zUnited States _xPolitical activity. |
|
| 650 | 0 |
_aMotion picture producers and directors _zUnited States _xPolitical activity. |
|
| 650 | 0 |
_aMotion picture actors and actresses _zUnited States _xPolitical activity. |
|
| 650 | 0 |
_aCommunism and motion pictures _zUnited States. |
|
| 655 | 7 |
_aElectronic books. _2local |
|
| 700 | 1 | _aRadosh, Allis. | |
| 710 | 2 | _aebrary, Inc. | |
| 856 | 4 | 0 |
_uhttp://site.ebrary.com/lib/rucke/Doc?id=10080007 _zAn electronic book accessible through the World Wide Web; click to view |
| 999 |
_c74286 _d74286 |
||